000 01039cam a2200313 a 4500
999 _c329803
_d329803
001 12309511
003 NUST
005 20170523121058.0
008 001212r18832000pk b 000 0 eng
010 _a 00312847
020 _a9693510941
025 _aP-E-00312847; 07
035 _a(DLC) 00312847
040 _aDLC
_cDLC
_dDLD
042 _alcode
043 _aa-ii---
050 0 0 _aDS485.F4
_bG39 2000
082 0 0 _a954.552 GAZ
_221
245 0 0 _aGazetteer of the Ferozepore district, 1883-84.
246 3 0 _aFerozepore district
260 _aLahore :
_bSang-e-Meel Publications,
_c2000.
300 _a102, xxiii p. ;
_c25 cm.
500 _aOriginally published: Lahore: Civil and Military Gazette Press, 1883-84.
504 _aIncludes bibliographical references.
651 0 _aFīrozpur (India)
_91305
906 _a7
_bcbc
_corigode
_d3
_encip
_f20
_gy-gencatlg
942 _2ddc
_cBK